Chlapčenský úsmev

Bibliographic Details
Main Author: Erdziak, Pavol, 1950- (Author)
Format: Article
Language:Slovak
Subjects:

MARC

LEADER 00000nab a2200000 a 4500
001 vtls000253911
003 SK-MaSNL
005 20260303185130.0
008 160215c1986 xo 0 slo
015 |a SNBRB19rr/mm-uuuuu 
035 |a CL0264025 
040 |a SNKBUCL  |b slo  |c SNKBUCL  |e AACR2 
041 0 |a slo 
044 |a xo  |c SK 
080 |a 78.071.1/.2:784.66  |2 1981 
080 |a 784.66  |2 1981 
080 |a 929 Patejdl, Václav  |2 1981 
100 1 |a Erdziak, Pavol,  |d 1950-  |4 aut  |9 115713 
245 1 0 |a Chlapčenský úsmev  |c Pavol Erdziak ; Václav Patejdl 
600 1 7 |a Patejdl, Vašo,  |d 1954-2023  |2 snkbucl  |9 99941 
650 0 7 |a Chlapčenský úsmev (platňa gramofónová)  |2 snkbucl  |9 1215945 
655 7 |a články z novín a časopisov  |2 snkbucl  |9 267496 
773 0 |t Osvetová práca  |g Roč. 36, č. 15 (1986), s. 47 
787 0 8 |i Rec.:  |t Chlapčenský úsmev. Bratislava  |d Opus 1986. 
850 |a Slovenská národná knižnica v Martine  |a MTA001 
852 |a SNK  |b KIS3GCP 
958 |a BX 
958 |a RK 
992 |a RBX 
999 |c 2130085  |d 2132015